000 00479cam a22001457a 4500
008 180718b1965 xxu||||| |||| 00| 0 eng d
082 _aA6x54082 In2/60
245 _aDocuments on Indian affairs, 1960
_cby Indian Council of World Affairs, New Delhi
260 _aBombay
_bAsia
_c1965
300 _a636p.
500 _aRs.66.00
650 _aIndia - foreign Relations - Documents
650 _aIndia - Politics - Documents
700 _aIndian Council of World Affair s, New Delhi
999 _c369706
_d369706